Responses for show #3071 - Monday, December 29, 1997

Contestants

Janine Menhennet, a homemaker from Pasadena, California

Tom Geoffino, a librarian from North Haven, Connecticut

Hugh Palmer, a voiceover artist from Los Angeles, California (whose 1-day cash winnings total $4,100)

Jeopardy! Round responses

AMERICAN CUISINE
THE MOVIES
A TRASHERY OF OGDEN NASHERY
SIGNS & SYMBOLS
SACRED MOUNTAINS
CELEBRITY RHYME TIME
    $100 6
Poi

Janine
    $100 1
Disney

Tom
    $100 21
Milk

Janine
    $100 11
Slippery When Wet

Janine
    $100 26
Fuji

Janine
    $100 16
Starr's cars

Janine
    $200 7
Sandwich

Hugh
    $200 2
The Sound Of Music

Janine
    $200 22
Asp

Tom
    $200 12
Lost And Found

Triple Stumper
    $200 27
Mount Sinai

Janine
    $200 17
Judd's suds/Buds

Hugh
    $300 8
Tripe

Triple Stumper
    $500 3
The Mighty Ducks

Janine
    $300 23
Liquor

Janine
    $300 13
(Registered) Trademark

Hugh
    $300 28
Mount Shasta

Janine
    $300 18
Stone's groans/moans

Hugh
    $400 9
(T: What is cabbage?)

Beets

Tom
Triple Stumper
    $400 4
Flipper

Hugh
    $400 24
Fly

Janine
    $400 14
(J: What is upsilon?)
(H: What is Taurus?)

Aries the Ram (two horns)

HughJanine
Triple Stumper
    $400 29
Mount Kilimanjaro

Tom
    $400 19
Rosie's cozies

Tom
    $500 10
Cornbread

Hugh
    $500 5
Estelle Getty

Janine
    $500 25
(Alex: And we have a minute left to deal with SACRED MOUNTAINS.)

talcum

Janine
    $500 15
Storage locker

Triple Stumper
    $500 30
(H: What is Diamond Head?)

Kilauea

Hugh
Triple Stumper
    $500 20
Cruise's bruises

Hugh

Scores at the first commercial break (after clue 14):

Hugh Tom Janine
$1,000 -$300 $1,000

Scores at the end of the Jeopardy! Round:

Hugh Tom Janine
$1,500 $700 $3,000

Double Jeopardy! Round responses

THE THIRD WORLD
ANNUAL EVENTS
HISTORICAL MARKER AHEAD
FUN WITH DICK & JANE
COMPOSERS
IN THE DICTIONARY
    $200 10
(Alex: Pacific & Caribbean Sea would also have been accepted)

the Atlantic & Pacific Oceans

Tom
    $200 14
Georgia

Hugh
    $200 19
Springfield, Illinois

Janine
    $200 24
Jane Fonda

Janine
    $200 1
J.S. Bach

Janine
    $200 5
(Janine: What is having a fuzzy rear end?)

befuddled

TomJanine
    $400 11
Laos

Janine
    $400 15
Scott Joplin

Janine
    $400 20
Jefferson Davis

Janine
    $400 25
Jane Pauley

Tom
    $400 2
10th

Janine
    $400 6
a hiccup

Janine
    $600 12
(Tom: What are the Bahamas?)

Grenadines

HughTom
    $600 16
hermit crabs

Janine
    $600 21
Theodore Roosevelt

Tom
    $600 26
(Janine: Who is Dick Enberg?)

Dick Button

HughJanine
    $600 3
Prelude to the Afternoon of a Faun

Triple Stumper
    $600 7
hedge

Hugh
    $800 13
Belize

Janine
    $800 17
Dolly Parton

Janine
    $800 22
the Continental Congress

Hugh
    $3,000 27
(Hugh: Who are Dick Sargent & Dick...)

Dick Sargent & Dick York

Hugh
    $800 4
Danse Macabre

Triple Stumper
    $800 8
a gantry

Tom
    $1,000 30
Indonesia

Janine
    $1000 18
Utah

Hugh
    $1000 23
Nez Perce

Hugh
    $1000 28
Jane Campion

Janine
    $1000 29
Sergei Rachmaninoff

Triple Stumper
    $1000 9
Cockles

Janine

Scores at the end of the Double Jeopardy! Round:

Hugh Tom Janine
$3,300 $2,300 $10,000
(lock game)

[wagering suggestions for these scores]

Final Jeopardy! Round responses

WOMEN IN POLITICS
(Alex: Tom, her name is Christine Todd Whitman; it's Gov. Whitman, not Gov. Todd. You're giving us her maiden name, and that was not the name that appeared on the ballot or the name by which she is known, so we have to rule against you.)
TomWho is Gov. Todd
$2,300
HughWho is Whitman
$1,301
JanineWho is Christine Todd Whitman
$1,000
Christine Todd Whitman

Final scores:

Hugh Tom Janine
$4,601 $0 $11,000
2nd place: Trip to 5th Avenue Suites Hotel, Portland, Oregon 3rd place: Franchi Menotti His & Hers Sports Watches New champion: $11,000

Game dynamics:

Coryat scores:

Hugh Tom Janine
$6,300 $2,300 $9,800
14 R,
3 W
(including 1 DD)
9 R,
2 W
27 R
(including 2 DDs),
3 W

Combined Coryat: $18,400

The J! Archive is created by fans, for fans. The Jeopardy! game show and all elements thereof, including but not limited to copyright and trademark thereto, are the property of Jeopardy Productions, Inc. and are protected under law. This website is not affiliated with, sponsored by, or operated by Jeopardy Productions, Inc. Join the discussion at JBoard.tv.